000 02856cam a2200517 a 4500
001 1983970
003 ARRUPE
005 20131008173522.0
008 961009s1997 enk b 001 0 eng
010 _a 96047027
020 _a0631194444 (alk. paper)
020 _a9780631194446 (alk. paper)
020 _a0631194452 (pbk. : alk. paper)
020 _a9780631194453 (pbk. : alk. paper)
024 _a99952319010
035 _a(OCoLC)ocm35784618\
035 _a(OCoLC)35784618
_z(OCoLC)38925316
035 _a(NNC)1983970
035 _a1983970
040 _aDLC
_cDLC
_dC#P
_dUKM
_dBAKER
_dNLGGC
_dBTCTA
_dLVB
_dYDXCP
_dOCLCG
_dP4I
050 0 0 _aB3245.F22
_bE52 1997
100 1 _aFrege, Gottlob,
_d1848-1925.
_92296
240 1 0 _aWorks.
_kSelections.
_lEnglish.
_f1997
245 1 4 _aThe Frege reader /
_cedited by Michael Beaney.
260 _aOxford, UK ;
_aCambridge, Mass. :
_bBlackwell Publishers,
_c1997.
300 _axv, 409 p. ;
_c23 cm.
504 _aIncludes bibliographical references (p. [396]-397) and index.
505 0 0 _aBegriffsschrift (1879): Selections (Preface and Part 1) -- LettertoMarty, 29.8.1882' -- The Foundations of Arithmetic(1884): Selections(INtroduction and 1-4,45-69, 87-91, 104-9; with summariesof the remaining sections) -- Function and Concept'(1891) -- Letter to Husserl, 24.5.1891': Extract -- On Sinnand Bedeutung' (1892) (Commentson Sinn and Bedeutung) (1892) --OnConceptand Object (1892) -- Grundgesetze der Arithmetik, Volume I (1893): Selections (Preface,Introduction, 1-7, 26-29, 32-33) -- Review of E. G. Husserl,Philosophie der Arithmetik I'(1894): Extract--On Euclidean Geometry (c.1900) -- Letter to Russell, 22.6.1902': Extract -- Letter to Russell, 28.12.1902': Extract-- Grundgesetze derArithmetik, Volume II (1903): Selections (55-67, 138--47, Appendix)-- Letter to Russell, 13.11.1904': Extract -- Introduction to Logic' (1906): Extract -- A Brief Survey of my Logical Doctrines' (1906): Extract -- Letters to Husserl, 1906' -- Logic in MAthematics' (1914): Extract -- Letter to Jourdain, Jan. 1914': Extract -- My Basic Logical Insights' (c.1915) -- Thought (1918) -- Negation' (1918)
650 0 _aLogic.
_92297
650 0 _aLogic, Symbolic and mathematical.
_92298
650 0 _aLanguage and languages
_xPhilosophy.
_92299
650 0 _aMathematics
_xPhilosophy.
_92300
650 0 _aPhilosophy.
_92301
650 1 7 _aLogica.
_2gtt
_92302
650 1 7 _aTaalfilosofie.
_2gtt
_92303
650 1 7 _aSymbolische logica.
_2gtt
_92304
650 6 _aLogique.
_92305
650 6 _aLogique symbolique et mathématique.
_92306
650 6 _aLangage et langues
_xPhilosophie.
_92307
650 6 _aMathématiques
_xPhilosophie.
_92308
650 6 _aPhilosophie.
_92309
700 1 _aBeaney, Michael.
_92310
942 _2lcc
_cMONOGRAPH
948 2 _a20130312
_ba
_cas2107
_dMPS
999 _c118293
_d118293